[Event "Maia op 7th"]
[Site "Maia"]
[Date "2023.08.25"]
[Round "1"]
[White "Sokolovsky, Yahli"]
[Black "Martinez Montes, Juan Manuel"]
[Result "1-0"]
[WhiteElo "2464"]
[BlackElo "2078"]
[PlyCount "87"]
[EventDate "2023.08.25"]
[EventType "swiss"]
[EventRounds "9"]
[EventCountry "POR"]
[SourceTitle "CBM 216 Extra"]
[Source "ChessBase"]
[SourceDate "2023.11.30"]
[SourceVersion "1"]
[SourceVersionDate "2023.11.30"]
[SourceQuality "1"]

1. e4 c5 2. Nf3 d6 3. d4 cxd4 4. Qxd4 Nc6 5. Qd3 Bg4 6. Be2 Rc8 7. 0-0 Nf6 8. Nc3 e6 9. Bf4 Rc7 10. Nb5 Rd7 11. Rfd1 d5 12. exd5 Nxd5 13. Bg3 Be7 14. Qc4 Bh5 15. Ne5 Bxe2 16. Qxe2 Nxe5 17. Bxe5 a6 18. c4 axb5 19. cxd5 Rxd5 20. Qg4 Bf8 21. Rac1 h5 22. Qf3 f6 23. Bf4 g5 24. Bg3 Rxd1+ 25. Rxd1 Qe7 26. Qe2 Kf7 27. Qxb5 Kg6 28. Bd6 Qd8 29. Qd3+ f5 30. Qb3 Qc8 31. Re1 Kf7 32. Be5 Rh7 33. Qe3 Kg6 34. Bc3 Kf7 35. Qxg5 Be7 36. Qe3 Qc6 37. Rd1 h4 38. h3 Rh5 39. Kh1 Rg5 40. f3 Qa4 41. Qd4 Qxa2 42. Qxh4 Qa6 43. Qh7+ Ke8 44. Bb4 1-0

[Event "ESP-ch U18"]
[Site "Salobrena"]
[Date "2023.08.04"]
[Round "8"]
[White "Perez Travieso, Saul"]
[Black "Martinez Montes, Juan Manuel"]
[Result "0-1"]
[WhiteElo "1886"]
[BlackElo "2078"]
[PlyCount "128"]
[EventDate "2023.07.31"]
[EventType "swiss"]
[EventRounds "9"]
[EventCountry "ESP"]
[SourceTitle "CBM 215 Extra"]
[Source "ChessBase"]
[SourceDate "2023.09.30"]
[SourceVersion "1"]
[SourceVersionDate "2023.09.30"]
[SourceQuality "1"]

1. d4 d6 2. Nf3 f5 3. g3 g6 4. Bg2 Bg7 5. c3 Nf6 6. Qb3 e6 7. Ng5 d5 8. c4 c6 9. e3 0-0 10. 0-0 Ne4 11. Nxe4 fxe4 12. f3 exf3 13. Rxf3 Rxf3 14. Bxf3 b6 15. Nc3 Bb7 16. Bd2 Nd7 17. cxd5 exd5 18. Rf1 Qg5 19. Rf2 Qd8 20. Ne2 Kh8 21. Nf4 Qe7 22. Qd3 Re8 23. Ne2 Nf6 24. Nc3 Bc8 25. Qf1 Kg8 26. a3 Ng4 27. Bxg4 Bxg4 28. h3 Bc8 29. Qg2 Qe6 30. Kh2 Bb7 31. b4 Qd7 32. Qf1 Bc8 33. Qg2 Bb7 34. Qf1 Ra8 35. Ne2 Ba6 36. Qg2 Bd3 37. Nf4 Be4 38. Qf1 Rf8 39. Ne2 Bd3 40. Rxf8+ Bxf8 41. Qf3 Bd6 42. Nc3 Qe6 43. Ne2 Be4 44. Qf2 Bf5 45. Qf1 g5 46. Ng1 h5 47. Qe2 h4 48. Be1 Qe4 49. Qf3 Qc2+ 50. Qe2 Qc1 51. Nf3 Be4 52. Ne5 hxg3+ 53. Kxg3 Qa1 54. Kh2 Bxe5+ 55. dxe5 Qxe5+ 56. Bg3 Qa1 57. Be1 Qxa3 58. Qg4 Qxe3 59. Qe6+ Kg7 60. Qe7+ Kh6 61. Qf6+ Bg6 62. Qh8+ Bh7 63. Qf6+ Kh5 64. Qf7+ Bg6 0-1

[Event "Galicia-ch U18"]
[Site "Padron"]
[Date "2023.02.21"]
[Round "7"]
[White "Suarez Gomez, Paula"]
[Black "Martinez Montes, Juan Manuel"]
[Result "0-1"]
[WhiteElo "1713"]
[BlackElo "2069"]
[PlyCount "92"]
[EventDate "2023.02.18"]
[EventType "swiss"]
[EventRounds "8"]
[EventCountry "ESP"]
[SourceTitle "EXT 2024"]
[Source "ChessBase"]
[SourceDate "2023.10.10"]
[SourceVersion "1"]
[SourceVersionDate "2023.10.10"]
[SourceQuality "1"]

1. e4 d6 2. d4 Nf6 3. Nc3 g6 4. Nf3 Bg7 5. g3 0-0 6. Bg2 Nbd7 7. 0-0 c5 8. Re1 cxd4 9. Nxd4 Ne5 10. h3 Bd7 11. a4 Rc8 12. Ra2 a6 13. Kh1 Qc7 14. Nde2 e6 15. b3 Rfd8 16. Be3 Nc6 17. a5 Nxa5 18. Na4 Bxa4 19. Rxa4 Nc6 20. Qd2 d5 21. Nc1 dxe4 22. Qe2 Nd5 23. Rc4 b5 24. Rc5 Bf8 25. Bxe4 Bxc5 26. Bxc5 Nf6 27. b4 Nd4 28. Qe3 e5 29. Nb3 Nxe4 30. Qxe4 Qc6 31. Nxd4 exd4 32. Kg2 Qxe4+ 33. Rxe4 d3 34. cxd3 Rxd3 35. Re7 a5 36. Rb7 axb4 37. Bxb4 Rd5 38. Kf3 Rf5+ 39. Ke3 Re8+ 40. Kd3 Rxf2 41. Rxb5 Rf3+ 42. Kd2 Rxg3 43. h4 Ra8 44. Bc3 Ra2+ 45. Bb2 Rxb2+ 46. Rxb2 Rg2+ 0-1

[Event "Galicia-ch U18"]
[Site "Padron"]
[Date "2023.02.18"]
[Round "1"]
[White "Lopez Diaz, Pablo"]
[Black "Martinez Montes, Juan Manuel"]
[Result "1/2-1/2"]
[WhiteElo "1450"]
[BlackElo "2069"]
[PlyCount "147"]
[EventDate "2023.02.18"]
[EventType "swiss"]
[EventRounds "8"]
[EventCountry "ESP"]
[SourceTitle "EXT 2024"]
[Source "ChessBase"]
[SourceDate "2023.10.10"]
[SourceVersion "1"]
[SourceVersionDate "2023.10.10"]
[SourceQuality "1"]

1. d4 b6 2. Nf3 Bb7 3. Bf4 Nf6 4. e3 Nh5 5. Bg5 h6 6. Bh4 g5 7. Bg3 Nxg3 8. hxg3 Bg7 9. Bd3 e6 10. Nbd2 d6 11. Qe2 Qe7 12. c3 Nd7 13. 0-0-0 0-0-0 14. Ba6 c6 15. e4 e5 16. Bxb7+ Kxb7 17. dxe5 Nxe5 18. Nxe5 Qxe5 19. Nc4 Qe6 20. f4 d5 21. Nd2 Rhe8 22. Rhe1 dxe4 23. Nxe4 Rxd1+ 24. Kxd1 Kc7 25. Qa6 Kb8 26. Qd3 f5 27. Qd6+ Kc8 28. Qxe6+ Rxe6 29. Nf2 Rd6+ 30. Kc2 Kd7 31. Nd3 Re6 32. Rxe6 Kxe6 33. Kd2 a5 34. c4 Bd4 35. b3 Kd6 36. Ke2 g4 37. a4 Bf6 38. Ke3 Ke6 39. Ke2 Bd4 40. Kd2 Kf6 41. Ke2 Ke6 42. Kd2 Kd6 43. Ke2 Bg1 44. Kf1 Bd4 45. Ke2 Bf6 46. Ke3 h5 47. Kf2 Kc7 48. Ke3 b5 49. Nc5 bxa4 50. bxa4 Bc3 51. Ne6+ Kd6 52. Kd3 Bf6 53. Nd4 Kc5 54. Nxf5 Kb4 55. Nd4 c5 56. Nc6+ Kxa4 57. Ke4 Kb3 58. Nxa5+ Kb4 59. Nc6+ Kxc4 60. Nb8 Kc3 61. Nd7 Bh8 62. Nxc5 Kd2 63. Kd5 Ke2 64. Ne4 Kf1 65. f5 Kxg2 66. Kc4 Kf3 67. Kd3 Bg7 68. f6 Bh8 69. Kd4 Bxf6+ 70. Nxf6 h4 71. Nxg4 h3 72. Nh2+ Kxg3 73. Ke3 Kxh2 74. Kf2 1/2-1/2

[Event "Santiago de Compostela Bicapawn GP Rap"]
[Site "Santiago de Compostela"]
[Date "2022.10.22"]
[Round "9"]
[White "Martinez Montes, Juan Manuel"]
[Black "Ibarra Jerez, Jose Carlos"]
[Result "1/2-1/2"]
[WhiteElo "2069"]
[BlackElo "2556"]
[PlyCount "125"]
[EventDate "2022.10.22"]
[EventType "swiss (rapid)"]
[EventRounds "9"]
[EventCountry "ESP"]
[SourceTitle "CBM 210 Extra"]
[Source "ChessBase"]
[SourceDate "2022.11.30"]
[SourceVersion "1"]
[SourceVersionDate "2022.11.30"]
[SourceQuality "1"]

1. e4 c5 2. Nf3 Nc6 3. Nc3 g6 4. d4 cxd4 5. Nxd4 Bg7 6. Be3 Nf6 7. Nxc6 bxc6 8. e5 Ng8 9. Bd4 Qc7 10. f4 Rb8 11. Bc4 Nh6 12. 0-0 0-0 13. Bc5 Nf5 14. g4 Qa5 15. b4 Rxb4 16. Bxb4 Qxb4 17. gxf5 Qxc4 18. Qd3 Qc5+ 19. Kh1 d5 20. fxg6 fxg6 21. Ne2 Bf5 22. Qd4 Be4+ 23. Kg1 Qxc2 24. Rf2 c5 25. Qc3 c4 26. Qxc2 Bxc2 27. Nc3 Bd3 28. Nxd5 Kf7 29. Rc1 Ke6 30. Ne3 Bh6 31. Ng2 Kd5 32. Rd1 Kd4 33. h3 e6 34. Kh2 g5 35. f5 exf5 36. e6 f4 37. Ne1 Re8 38. Nxd3 cxd3 39. Rfd2 Rxe6 40. Rxd3+ Kc4 41. Rd7 a5 42. R1d2 Bf8 43. Rc2+ Kb5 44. Rd5+ Ka4 45. Rxg5 Bb4 46. Kg2 Re3 47. Rf5 Rg3+ 48. Kh2 Rf3 49. Kg2 Rg3+ 50. Kh2 Rf3 51. Kg2 Rg3+ 52. Kh2 Rd3 53. Rxf4 Ka3 54. Rf7 Bd6+ 55. Kg2 Rg3+ 56. Kf2 Rxh3 57. Rf3+ Rxf3+ 58. Kxf3 h6 59. Rc6 Bf8 60. Rf6 Bg7 61. Rg6 Bb2 62. Rxh6 Kxa2 63. Ke4 1/2-1/2

[Event "Santiago de Compostela Bicapawn GP B4"]
[Site "Santiago de Compostela"]
[Date "2022.10.21"]
[Round "8"]
[White "Martinez Montes, Juan Manuel"]
[Black "Sargissian, Gabriel"]
[Result "0-1"]
[WhiteElo "2069"]
[BlackElo "2711"]
[PlyCount "62"]
[EventDate "2022.10.21"]
[EventType "swiss (blitz)"]
[EventRounds "9"]
[EventCountry "ESP"]
[SourceTitle "CBM 210 Extra"]
[Source "ChessBase"]
[SourceDate "2022.11.30"]
[SourceVersion "1"]
[SourceVersionDate "2022.11.30"]
[SourceQuality "1"]

1. e4 g6 2. d4 Bg7 3. Nc3 a6 4. Nf3 b5 5. a3 Bb7 6. Bd3 d6 7. 0-0 Nd7 8. Re1 c5 9. dxc5 Nxc5 10. Be3 Rc8 11. Bd4 Nf6 12. Qd2 0-0 13. Rad1 Ne6 14. Be3 Ng4 15. Bf1 Nxe3 16. Qxe3 Re8 17. e5 Qc7 18. exd6 exd6 19. Qd3 Red8 20. Nd5 Bxd5 21. Qxd5 Bxb2 22. Rb1 Bc3 23. Re4 Qc5 24. Qd3 Bg7 25. g3 Qxc2 26. Qxc2 Rxc2 27. Rd1 d5 28. Re3 Rc3 29. Rxc3 Bxc3 30. Rd3 d4 31. Bg2 Nc5 0-1

[Event "Santiago de Compostela Bicapawn GP B3"]
[Site "Santiago de Compostela"]
[Date "2022.10.20"]
[Round "6"]
[White "Gomez Ledo, Roberto Carlos"]
[Black "Martinez Montes, Juan Manuel"]
[Result "0-1"]
[WhiteElo "2445"]
[BlackElo "2069"]
[PlyCount "92"]
[EventDate "2022.10.20"]
[EventType "swiss (blitz)"]
[EventRounds "9"]
[EventCountry "ESP"]
[SourceTitle "CBM 210 Extra"]
[Source "ChessBase"]
[SourceDate "2022.11.30"]
[SourceVersion "1"]
[SourceVersionDate "2022.11.30"]
[SourceQuality "1"]

1. d4 Nf6 2. Bf4 b6 3. e3 Bb7 4. a4 e6 5. Nf3 Be7 6. h3 0-0 7. Nbd2 c5 8. c3 d6 9. Bh2 Nbd7 10. Be2 cxd4 11. exd4 Re8 12. 0-0 Bf8 13. Re1 e5 14. dxe5 dxe5 15. Nc4 e4 16. Nd4 Nc5 17. Nf5 Qxd1 18. Rexd1 Red8 19. Ncd6 Bc6 20. Bc4 Bxa4 21. Rd4 Bb3 22. Bb5 Be6 23. Rad1 g6 24. Ne3 Nb3 25. Nxe4 Nxd4 26. Nxf6+ Kg7 27. Be5 Nf5 28. Nfg4+ Kg8 29. Nf6+ Kg7 30. Nxf5+ gxf5 31. Nh5+ Kg6 32. Nf4+ Kg5 33. Re1 Rd2 34. Bc6 Rad8 35. Nxe6+ fxe6 36. g3 Rd1 37. Kf1 Rxe1+ 38. Kxe1 Bd6 39. Bd4 e5 40. Be3+ f4 41. gxf4+ exf4 42. Bd4 Bc5 43. h4+ Kg4 44. f3+ Kh3 45. Bf6 Rd6 46. b4 Rxc6 0-1

[Event "Santiago de Compostela Bicapawn GP B2"]
[Site "Santiago de Compostela"]
[Date "2022.10.20"]
[Round "1"]
[White "Sarana, Alexey"]
[Black "Martinez Montes, Juan Manuel"]
[Result "1-0"]
[WhiteElo "2662"]
[BlackElo "2069"]
[PlyCount "63"]
[EventDate "2022.10.20"]
[EventType "swiss (blitz)"]
[EventRounds "9"]
[EventCountry "ESP"]
[SourceTitle "CBM 210 Extra"]
[Source "ChessBase"]
[SourceDate "2022.11.30"]
[SourceVersion "1"]
[SourceVersionDate "2022.11.30"]
[SourceQuality "1"]

1. c4 e5 2. Nc3 Nc6 3. g3 Bc5 4. Bg2 d6 5. e3 a6 6. Nge2 Ba7 7. d4 exd4 8. exd4 Nge7 9. 0-0 0-0 10. h3 Nf5 11. d5 Ne5 12. b3 Re8 13. Kh2 Bd7 14. a4 Ng6 15. Qd3 Ne5 16. Qc2 Nd4 17. Nxd4 Bxd4 18. Bd2 Qf6 19. f3 Bf5 20. Ne4 Qg6 21. Rae1 Nd7 22. Qd3 Ba7 23. Bc3 Re7 24. Qd2 Rae8 25. b4 Ne5 26. c5 Nxf3+ 27. Rxf3 Rxe4 28. Rxe4 Rxe4 29. Qf2 Bd7 30. Re3 Rxe3 31. Qxe3 f6 32. Qe7 1-0

[Event "Santiago de Compostela Bicapawn GP B1"]
[Site "Santiago de Compostela"]
[Date "2022.10.19"]
[Round "7"]
[White "Diniz Lopez, Sergio"]
[Black "Martinez Montes, Juan Manuel"]
[Result "1-0"]
[WhiteElo "1667"]
[BlackElo "2069"]
[PlyCount "101"]
[EventDate "2022.10.19"]
[EventType "swiss (blitz)"]
[EventRounds "9"]
[EventCountry "ESP"]
[SourceTitle "EXT 2024"]
[Source "ChessBase"]
[SourceDate "2023.10.10"]
[SourceVersion "1"]
[SourceVersionDate "2023.10.10"]
[SourceQuality "1"]

1. e4 c5 2. Nf3 g6 3. d4 cxd4 4. Nxd4 Nc6 5. Be3 Bg7 6. Nc3 Nf6 7. Bc4 0-0 8. Bb3 Qc7 9. f3 a6 10. h4 h5 11. Qd2 Qg3+ 12. Bf2 Qxg2 13. 0-0-0 Nxd4 14. Bxd4 Qxd2+ 15. Rxd2 Bh6 16. e5 Ne8 17. Nd5 Bxd2+ 18. Kxd2 e6 19. Nb6 Rb8 20. Bc5 d6 21. exd6 Nxd6 22. Ke2 Nf5 23. Rd1 Re8 24. Ba4 Re7 25. Rd8+ Kg7 26. Bxe7 Nxe7 27. Bd7 Bxd7 28. Rxb8 Bc6 29. Nc4 Nf5 30. Ne5 Nd4+ 31. Kf2 Nxc2 32. Nxc6 bxc6 33. Rb6 c5 34. Rxa6 Nb4 35. Ra5 c4 36. Ke3 Kf6 37. Ra4 Nd5+ 38. Kf2 Nb6 39. Rb4 Nd5 40. Rxc4 Ke5 41. a4 Nb6 42. Rb4 Nd5 43. Rb5 Kd6 44. a5 Nc7 45. Rb3 Kc6 46. Rb6+ Kc5 47. Rb3 Kc6 48. Rb6+ Kc5 49. b4+ Kd5 50. a6 e5 51. a7 1-0

[Event "Santiago de Compostela Bicapawn GP B1"]
[Site "Santiago de Compostela"]
[Date "2022.10.19"]
[Round "8"]
[White "Martinez Montes, Juan Manuel"]
[Black "Vieites Perez, Jacobo"]
[Result "1-0"]
[WhiteElo "2069"]
[BlackElo "1787"]
[PlyCount "25"]
[EventDate "2022.10.19"]
[EventType "swiss (blitz)"]
[EventRounds "9"]
[EventCountry "ESP"]
[SourceTitle "EXT 2024"]
[Source "ChessBase"]
[SourceDate "2023.10.10"]
[SourceVersion "1"]
[SourceVersionDate "2023.10.10"]
[SourceQuality "1"]

1. e4 c5 2. Nc3 d6 3. d4 cxd4 4. Qxd4 Nf6 5. b3 e5 6. Qd2 Be7 7. Ba3 0-0 8. 0-0-0 Qa5 9. Bb2 a6 10. Kb1 Be6 11. f3 b5 12. Nd5 Bxd5 13. Qxa5 1-0

[Event "Santiago de Compostela Bicapawn GP B1"]
[Site "Santiago de Compostela"]
[Date "2022.10.19"]
[Round "9"]
[White "Taboas Rodriguez, Daniel"]
[Black "Martinez Montes, Juan Manuel"]
[Result "1/2-1/2"]
[WhiteElo "2359"]
[BlackElo "2069"]
[PlyCount "212"]
[EventDate "2022.10.19"]
[EventType "swiss (blitz)"]
[EventRounds "9"]
[EventCountry "ESP"]
[SourceTitle "EXT 2024"]
[Source "ChessBase"]
[SourceDate "2023.10.10"]
[SourceVersion "1"]
[SourceVersionDate "2023.10.10"]
[SourceQuality "1"]

1. d4 Nf6 2. Nf3 e6 3. c4 d5 4. Bg5 Be7 5. e3 c6 6. Nc3 0-0 7. Bd3 Nbd7 8. 0-0 Re8 9. Rc1 dxc4 10. Bxc4 Nb6 11. Bb3 c5 12. Qe2 cxd4 13. Nxd4 Nfd5 14. Bxe7 Nxc3 15. Bxd8 Nxe2+ 16. Nxe2 Rxd8 17. Rc7 Bd7 18. Nd4 Rab8 19. Rfc1 Rdc8 20. h4 h5 21. f4 Na8 22. R7c5 Rxc5 23. Rxc5 Rc8 24. Rxc8+ Bxc8 25. Kf2 Kf8 26. e4 Ke7 27. e5 g6 28. Ke3 Nb6 29. g3 Bd7 30. Kd3 Na4 31. Bxa4 Bxa4 32. Kc4 Kd7 33. Nf3 Bc6 34. Ng5 Ke7 35. Kc5 Bd5 36. a3 Bb3 37. Ne4 Bd5 38. Nc3 Bc6 39. b4 Bg2 40. a4 Bf3 41. a5 Kd7 42. b5 Kc7 43. b6+ axb6+ 44. axb6+ Kd7 45. Nb5 Bd5 46. Nd6 Ke7 47. Nb5 Kd7 48. Nc7 Bc6 49. Kd4 Ke7 50. Kc4 Kd7 51. Kc5 Ke7 52. Na6 Bf3 53. Nb4 Kd7 54. Nc2 Ke7 55. Nd4 Be4 56. Kc4 Bd5+ 57. Kd3 Kd7 58. Ke3 Ke7 59. Kf2 Be4 60. Kg1 Bd3 61. Kg2 Be4+ 62. Kh3 Bf5+ 63. Kg2 Be4+ 64. Kf2 Bd5 65. Ke3 Bg2 66. Nb3 Kd7 67. Nd4 Bd5 68. Kd3 Bg2 69. Kc4 Bf1+ 70. Kc5 Bg2 71. Nc2 Be4 72. Ne3 Bf3 73. Nc4 Bd5 74. Nd6 Ke7 75. Nb5 Bc6 76. Nd4 Bd5 77. Nc2 Be4 78. Ne3 Bf3 79. Kb5 Kd7 80. Nc2 Bc6+ 81. Kc5 Bd5 82. Ne3 Be4 83. g4 Bf3 84. g5 Be4 85. Nc4 Bd5 86. Nd6 Ke7 87. Nb5 Kd7 88. Nd4 Ke7 89. Nc2 Be4 90. Ne3 Bf3 91. Nf1 Kd7 92. Nd2 Bg2 93. Nc4 Bd5 94. Nd2 Bg2 95. Nb1 Bf3 96. Nc3 Bg2 97. Ne2 Bd5 98. Nd4 Ke7 99. Nc2 Bf3 100. Nb4 Kd7 101. Kd4 Bg2 102. Kc4 Bf3 103. Kc5 Bg2 104. Nc2 Bf3 105. Nd4 Be4 106. Ne2 Ke7 1/2-1/2

[Event "Galicia-ch U18"]
[Site "Padron"]
[Date "2022.02.26"]
[Round "1"]
[White "Martinez Montes, Juan Manuel"]
[Black "Vazquez Velasco, Adrian"]
[Result "1-0"]
[WhiteElo "2020"]
[BlackElo "1474"]
[PlyCount "57"]
[EventDate "2022.02.26"]
[EventType "swiss"]
[EventRounds "8"]
[EventCountry "ESP"]
[SourceTitle "EXT 2023"]
[Source "ChessBase"]
[SourceDate "2022.10.05"]
[SourceVersion "1"]
[SourceVersionDate "2022.10.05"]
[SourceQuality "1"]

1. e4 Nc6 2. Nf3 d6 3. d4 Nf6 4. Nc3 Bg4 5. Be2 e6 6. d5 Nb8 7. h3 Bh5 8. g4 Bg6 9. Qd4 exd5 10. exd5 Be7 11. Be3 0-0 12. 0-0-0 c6 13. Nh4 Qa5 14. Nxg6 fxg6 15. g5 Nfd7 16. h4 b5 17. dxc6 b4 18. Nd5 Nxc6 19. Qc4 Kh8 20. Qxc6 b3 21. Qa6 Qxa6 22. Bxa6 bxa2 23. Kd2 Rab8 24. Nxe7 Nc5 25. Bxc5 dxc5 26. Ra1 Rxb2 27. Kc3 Rfb8 28. Bc4 Rb1 29. Bxa2 1-0

[Event "ESP-ch U16"]
[Site "Salobrena"]
[Date "2021.07.24"]
[Round "9"]
[White "Moll Pons, Jana"]
[Black "Martinez Montes, Juan Manuel"]
[Result "0-1"]
[WhiteElo "1768"]
[BlackElo "1911"]
[PlyCount "76"]
[EventDate "2021.07.19"]
[EventType "swiss"]
[EventRounds "9"]
[EventCountry "ESP"]
[SourceTitle "EXT 2022"]
[Source "ChessBase"]
[SourceDate "2021.10.06"]
[SourceVersion "1"]
[SourceVersionDate "2021.10.06"]
[SourceQuality "1"]

1. e4 c5 2. Nf3 d6 3. d4 cxd4 4. Nxd4 Nf6 5. Nc3 a6 6. Bg5 Nbd7 7. f4 Qc7 8. Qf3 e6 9. 0-0-0 b5 10. g4 b4 11. Nb1 Bb7 12. Bd3 Be7 13. Rhg1 Nc5 14. Nd2 h6 15. Bxf6 Bxf6 16. Qe3 Nxd3+ 17. Qxd3 Rc8 18. N2f3 Qc4 19. Qxc4 Rxc4 20. Rge1 0-0 21. g5 hxg5 22. fxg5 Be7 23. h4 g6 24. b3 Rc3 25. Nh2 Rfc8 26. Rd2 Bf8 27. Kb1 Bg7 28. Ree2 Be5 29. Ndf3 Bf4 30. Rd4 a5 31. Rd3 Ba6 32. Rxc3 Rxc3 33. Rf2 Kf8 34. Nf1 Ke7 35. N3h2 Be5 36. Ng4 Bg7 37. Nfh2 Rg3 38. Kc1 Bc3 0-1

[Event "Pontevedra op-B 6th"]
[Site "Pontevedra"]
[Date "2018.08.10"]
[Round "4"]
[White "Martinez Montes, Juan Manuel"]
[Black "Portela Medrano, Carmen"]
[Result "1-0"]
[WhiteElo "1620"]
[BlackElo "1277"]
[PlyCount "83"]
[EventDate "2018.08.08"]
[EventType "swiss"]
[EventRounds "9"]
[EventCountry "ESP"]
[SourceTitle "CBM 186 Extra"]
[Source "ChessBase"]
[SourceDate "2018.08.24"]
[SourceVersion "1"]
[SourceVersionDate "2018.08.24"]
[SourceQuality "1"]

1. e4 e5 2. Nf3 Nc6 3. d4 exd4 4. Bc4 Bb4+ 5. c3 dxc3 6. bxc3 Be7 7. Qd5 Nh6 8. Bxh6 0-0 9. Be3 d6 10. 0-0 Be6 11. Qd3 Qd7 12. Bxe6 fxe6 13. Nd4 Ne5 14. Qe2 Bf6 15. f4 Ng6 16. Qg4 Rfe8 17. Nd2 c5 18. Ne2 b6 19. Rf3 Qb5 20. Rh3 Rad8 21. Rb1 Qa5 22. Qh5 Nf8 23. Rg3 g6 24. Qg4 Rd7 25. h4 Bg7 26. h5 Ree7 27. f5 exf5 28. exf5 Qxa2 29. hxg6 hxg6 30. fxg6 Qe6 31. Qh5 d5 32. Rf1 Rd6 33. Bf4 Rc6 34. Re3 Qxg6 35. Qxd5+ Rce6 36. Bb8 Qh6 37. Nf4 Rd7 38. Rxe6 Rxd5 39. Rxh6 Rxd2 40. Rh3 Rc2 41. Nd5 Ra2 42. Ne7# 1-0

[Event "Pontevedra op-B 6th"]
[Site "Pontevedra"]
[Date "2018.08.09"]
[Round "2"]
[White "Martinez Montes, Juan Manuel"]
[Black "Zagema, Jan Sybren"]
[Result "0-1"]
[WhiteElo "1620"]
[BlackElo "1861"]
[PlyCount "144"]
[EventDate "2018.08.08"]
[EventType "swiss"]
[EventRounds "9"]
[EventCountry "ESP"]
[SourceTitle "CBM 186 Extra"]
[Source "ChessBase"]
[SourceDate "2018.08.24"]
[SourceVersion "1"]
[SourceVersionDate "2018.08.24"]
[SourceQuality "1"]

1. e4 c5 2. Nf3 g6 3. d4 cxd4 4. Nxd4 Nc6 5. c4 Nf6 6. Nc3 d6 7. Be2 Nxd4 8. Qxd4 Bg7 9. Be3 0-0 10. Qd2 Be6 11. Rc1 Qa5 12. 0-0 Rfe8 13. b3 a6 14. Bf3 Rec8 15. Rfd1 b5 16. Nd5 Qxd2 17. Bxd2 Kf8 18. Nxf6 Bxf6 19. cxb5 axb5 20. Be2 Bd7 21. Kf1 Ke8 22. Rxc8+ Rxc8 23. Rc1 Rc6 24. Ke1 Bd4 25. f3 Bg1 26. h3 Bd4 27. Rxc6 Bxc6 28. Bd1 Kd7 29. a4 bxa4 30. bxa4 d5 31. exd5 Bxd5 32. a5 Kc6 33. Ba4+ Kc5 34. Be8 Bb3 35. Ke2 Bc4+ 36. Ke1 f6 37. f4 Bb5 38. Bf7 Bc6 39. Bg8 h6 40. g3 e5 41. fxe5 Bxe5 42. Bxh6 Bxg3+ 43. Kd2 Bd7 44. Bf7 g5 45. Bf8+ Kb5 46. Be7 Be5 47. h4 gxh4 48. Bd5 Kxa5 49. Ke2 Bg4+ 50. Kf2 Kb6 51. Kg2 Kc7 52. Bc5 Kd7 53. Kh1 Bd6 54. Bd4 Ke7 55. Bf2 h3 56. Bh4 Be5 57. Bf2 Kd6 58. Ba8 Bd7 59. Bh4 f5 60. Bg5 Bg3 61. Bh6 f4 62. Bxf4+ Bxf4 63. Bf3 Be6 64. Ba8 Ke5 65. Bf3 Kd4 66. Ba8 Ke3 67. Bb7 Kf2 68. Ba8 Kg3 69. Bb7 Bc4 70. Kg1 Be2 71. Be4 Be3+ 72. Kh1 Bf1 0-1